| 000 | 00404nam a22001577a 4500 | ||
|---|---|---|---|
| 020 | _a8129700573 | ||
| 040 | _cNUST | ||
| 082 | _a620.106 DOU | ||
| 100 |
_aDauglas, John F. _9114286 |
||
| 110 |
_aGasiorek, Janusz M Swaffield John A _9114287 |
||
| 245 | _aFluid Mechanics: | ||
| 250 | _aFourth Edition | ||
| 260 |
_aIndia: _bPearson Education, _c2001. |
||
| 650 | _aFluid Mechanics | ||
| 942 |
_2ddc _cBK |
||
| 999 |
_c595650 _d595650 |
||